The book of knowledge : (Record no. 136848)

MARC details
000 -LEADER
fixed length control field 00802nam a22002177a 4500
010 ## - LIBRARY OF CONGRESS CONTROL NUMBER
LC control number 080774
035 ## - SYSTEM CONTROL NUMBER
System control number 080774
037 ## - SOURCE OF ACQUISITION
Source of stock number/acquisition Cen Lib / Ret
040 ## - CATALOGING SOURCE
Original cataloging agency DPL
Language of cataloging En
082 ## - DEWEY DECIMAL CLASSIFICATION NUMBER
Classification number 030
Item number STO
245 ## - TITLE STATEMENT
Title The book of knowledge :
Remainder of title a pictorial treasury of reading and reference for young and old : arranged alphabetically with over 7000 pictures and diagrams including hundreds in colour and gravure /
Statement of responsibility, etc edited by Gordon Stowell [and] J. Edward Mason
260 ## - PUBLICATION, DISTRIBUTION, ETC. (IMPRINT)
Place of publication, distribution, etc London
Name of publisher, distributor, etc The Waverley Book Co
270 ## - ADDRESS
Address Farringdon Street,
City London
300 ## - PHYSICAL DESCRIPTION
Extent v 5. 531p
Dimensions 27cm(Hb)
505 ## - FORMATTED CONTENTS NOTE
Formatted contents note v 5. Loco - Ore
650 ## - SUBJECT ADDED ENTRY--TOPICAL TERM
Topical term or geographic name as entry element Reference books.
650 ## - SUBJECT ADDED ENTRY--TOPICAL TERM
Topical term or geographic name as entry element Encyclopaedias And Dictionaries.
700 ## - ADDED ENTRY--PERSONAL NAME
Personal name Stowell, Gordon
700 ## - ADDED ENTRY--PERSONAL NAME
Personal name Mason, J. Edward
942 ## - ADDED ENTRY ELEMENTS (KOHA)
Source of classification or shelving scheme Dewey Decimal Classification
Koha item type English Books
Classification part 030
Call number suffix STO
Holdings
Withdrawn status Lost status Source of classification or shelving scheme Materials specified (bound volume or other part) Damaged status Not for loan Home library Current library Date acquired Source of acquisition Total Checkouts Full call number Barcode Date last seen Copy number Price effective from Koha item type
    Dewey Decimal Classification v 5     Central Library Central Library 10/03/2016 Cen Lib/Ret   030 STO 080774 10/03/2016 1 10/03/2016 English Books

© Delhi Public Library
Hit Counter
free hit counter